[Event "Cairo Al Ain op"]
[Site "Cairo"]
[Date "2023.12.01"]
[Round "8"]
[White "Nofal, Mohamed"]
[Black "Mohamed Ismail, Mohamed"]
[Result "1-0"]
[WhiteElo "1935"]
[BlackElo "1667"]
[PlyCount "40"]
[EventDate "2023.11.27"]
[EventType "swiss"]
[EventRounds "10"]
[EventCountry "EGY"]
[SourceTitle "CBM 217 Extra"]
[Source "ChessBase"]
[SourceDate "2024.01.31"]
[SourceVersion "1"]
[SourceVersionDate "2024.01.31"]
[SourceQuality "1"]

1. d4 d5 2. Nf3 Nf6 3. c3 c5 4. dxc5 e6 5. b4 a5 6. e3 b6 7. Bb5+ Bd7 8. Bxd7+ Nbxd7 9. c6 Nb8 10. b5 a4 11. 0-0 Ne4 12. Nfd2 Nd6 13. Na3 Ra5 14. Rb1 Nc8 15. c4 Bc5 16. Qg4 0-0 17. Bb2 g6 18. Qf4 Bd6 19. Be5 g5 20. Qg3 Bxa3 1-0